The Peru Quiz Stats

Quiz Updated Apr 11, 2018

Also try: The Mexico Quiz
Challenge
Share
Tweet
Embed
Score 0/50 Timer 07:00
14 Plays Today
Hint Answer % Correct
Internet Country Code.pe
96.1%
Primary Flag ColorRed
95.9%
Primary Flag ColorWhite
94.9%
Official Language (84.1%)Spanish
94.3%
CapitalLima
91.5%
Ocean BorderPacific Ocean
91.1%
Lowest Point (0 m)Pacific Ocean
90.8%
Border Country (2,995 km)Brazil
89.8%
Most Common ReligionRoman Catholic
89.6%
Border Country (171 km)Chile
88.7%
Drives on the...Right
86.8%
Government TypeConstitutional Republic
86.8%
Nationality (Demonym)Peruvian
86.3%
ContinentSouth America
85.9%
Border Country (1,075 km)Bolivia
85.7%
Border Country (1,420 km)Ecuador
85.2%
Independence FromSpain
85%
Most Popular SportSoccer
84.9%
Age of Suffrage18
84.2%
Border Country (1,800 km)Colombia
84.2%
Largest Mountain RangeThe Andes
76.8%
Largest empire in pre-Columbian AmericaIncan Empire
75.7%
Largest Importer (Country)United States
70.4%
Largest Exporter (Country)United States
70.4%
Official NameRepublic of Peru
69.7%
Hint Answer % Correct
Ancient City rediscovered in 1911Machu Picchu
60.2%
Longest RiverAmazon
57.1%
# of Administrative Divisions25
53.6%
Largest LakeLake Titicaca
53.6%
Population in Millions (July 2017 est.)31
46.5%
Official Language (13%)Quechua
46.4%
City that is a UNESCO Heritage Site and home to Plaza de ArmasCusco
41.5%
National TreeCinchona Tree
30.7%
2nd Largest CityArequipa
30.3%
Largest Ethnic GroupAmerindian
26.6%
PresidentMartin Alberto Vizcarra Cornejo
25.2%
CurrencySol
19.6%
3rd Largest City Callao
18.5%
Worlds Largest Producer Of(Natural Resource)Silver
17.6%
National DishCeviche
16.4%
Soft Drink created in 1935Inca Kola
13.6%
4th Largest CityTrujillo
12.1%
National AnimalVicuna
7%
National AnthemHimno Nacional del Peru
6.9%
Independence DayJuly 28
5.6%
Smallest Administrative Division (area)Callao
5.6%
Highest Point (6,768 m)Nevado Huascaran
5.4%
Largest Administrative Division (area)Loreto
4%
Largest StadiumEstadio Nacional
3.5%
National BirdAndean cock-of-the-rock
2%

You're not logged in!

Compare scores with friends on all Sporcle quizzes.
Sign Up with Email
OR
Log In

You Might Also Like...

Show Comments

Extras

Top Quizzes Today


Score Distribution

Your Account Isn't Verified!

In order to create a playlist on Sporcle, you need to verify the email address you used during registration. Go to your Sporcle Settings to finish the process.

Report this User

Report this user for behavior that violates our Community Guidelines.

Details: